Biblioteca

Ten Green Bottles: Sing-along books, il. Frank Endersby (Registro nro. 47735)

Detalles MARC
000 -LÍDER
Campo fijo de descripción fija 002360000a22000970004500
001 - NÚMERO DE CONTROL
Campo de control 524
245 10 - TÍTULO
Título del Material Ten Green Bottles: Sing-along books, il. Frank Endersby
260 ## - PUBLICACIÓN, DISTRIBUCIÓN, ETC. (PIE DE IMPRENTA)
Lugar de publicación, distribución, etc. Vietnam: Parragon
300 ## - DESCRIPCIÓN FÍSICA
Extensión [ 12 p. ]
500 ## - NOTA GENERAL
Nota General Texto pasta dura

No hay ítems disponibles.

Biblioteca FUSBC | Teléfono: (57+4) 349 88 10 Ext. 141| WhatsApp (+57) 3005338115 
E-mail: biblioteca@unisbc.edu.co | Calle 76 87-14 Robledo Palenque, Medellín, Colombia

Con tecnología Koha